Komentár k novelizácii zákona o dani z pridanej hodnoty k 1. januáru 2010

Zákon č. 471/2009 Z.z. s účinnosťou od 1. januára 2010. Novelizáciou sa vypustil doterajší text paragrafov 15 a 16 a nahradil sa novým textom týchto ustanovení. Nasledujúce príklady nadväzujú na vysvetlenie uverejnené v č. 12/2009 mesačníka ÚAD.

Gespeichert in:
Bibliographische Detailangaben
1. Verfasser: Minársky, Ján
Format: Buchkapitel
Sprache:Slowakisch
Schlagworte:
Tags: Tag hinzufügen
Keine Tags, Fügen Sie das erste Tag hinzu!

MARC

LEADER 00000naa$a2200000$$$4500
001 0109385
005 20231106095447.1
041 0 |a slo 
044 |a SK 
245 1 0 |a Komentár k novelizácii zákona o dani z pridanej hodnoty k 1. januáru 2010  |c Ján Minársky 
520 |a Zákon č. 471/2009 Z.z. s účinnosťou od 1. januára 2010. Novelizáciou sa vypustil doterajší text paragrafov 15 a 16 a nahradil sa novým textom týchto ustanovení. Nasledujúce príklady nadväzujú na vysvetlenie uverejnené v č. 12/2009 mesačníka ÚAD. 
610 2 0 |a dane z hodnoty pridanej 
610 2 0 |a zákony 
610 2 0 |a novelizácia 
610 2 0 |a komentáre 
100 1 |a Minársky, Ján